Normal view
MARC view
- Dutta, Achyut. K , Dutta, Niloy .K , Fujiwara, Masahiko
Entry Personal Name
001 - CONTROL NUMBER
- control field: 63302
003 - CONTROL NUMBER IDENTIFIER
- control field: NUST
005 - DATE AND TIME OF LATEST TRANSACTION
- control field: 20210628203110.0
008 - FIXED-LENGTH DATA ELEMENTS
- fixed length control field: 210628|| aca||aabn | a|a d
040 ## - CATALOGING SOURCE
- Original cataloging agency: NUST
- Transcribing agency: NUST
100 ## - HEADING--PERSONAL NAME
- Personal name: Dutta, Achyut. K , Dutta, Niloy .K , Fujiwara, Masahiko
670 ## - SOURCE DATA FOUND
- Source citation: Work cat.: (NUST): Dutta, Achyut. K , Dutta, Niloy .K , Fujiwara, Masahiko, Wdm technologies , active optical components, 2001
